| 000 | 00661nam a2200217 4500 | ||
|---|---|---|---|
| 003 | OSt | ||
| 005 | 20240708030338.0 | ||
| 006 | a | ||
| 008 | 240708b |||||||| |||| 00| 0 eng d | ||
| 020 | _a981069900 | ||
| 040 |
_aDWCL-Main lib. _cOC |
||
| 082 |
_2Seventh edition _aCirc. 660 H658p 2005 |
||
| 100 | _aHimmelblau, David M. | ||
| 245 | _aPrinciples of chemical engineering / | ||
| 250 | _aSeventh edition | ||
| 260 |
_aSingapore : _bPearson Education South Asia Pte Ltd., _cc2005. |
||
| 300 |
_axxx, _b1115 p. : ill. ; _c23 cm. |
||
| 504 | _aIncludes index. | ||
| 650 | _a1. Chemical engineering. | ||
| 942 |
_2ddc _n0 _cBK-CIRC _eSeventh edition _kCirc. |
||
| 999 |
_c2086 _d2086 |
||